000 00566nam a22001937a 4500
005 20250519141514.0
010 _aENG-144965
020 _a9788193115335
_c750.00
035 _aEN-128497
037 _bDBAD
082 _a954.21
_21
100 _aRamesh Singh
_981265
245 _aMadhya Pradesh:
_cRamesh Singh
_bThe Heart of Incredible India/
250 _a1
260 _aMumbai
_bJyoti publication
_c2018
270 _a4/121, Frances Seth Chawl Society Road
_bMumbai
_e400056
300 _a256p.
_c20cm(pb)
942 _2ddc
_cEN
_mRAM
_h954.21
999 _c211337
_d211337